Modelado, simulación y control de una planta de tanques cuádruples
Na minha lista:
| Autor principal: | |
|---|---|
| Outros Autores: | |
| Formato: | Livro |
| Publicado em: |
[San José, Costa Rica]
2004
|
| Assuntos: | |
| Tags: |
Adicionar Tag
Sem tags, seja o primeiro a adicionar uma tag!
|
MARC
| LEADER | 00000nam a2200000Ia 4500 | ||
|---|---|---|---|
| 003 | 009323 | ||
| 005 | 20221231144139.0 | ||
| 008 | 140114s2004 cr a m 000 ||s d | ||
| 040 | |c cru CEDI | ||
| 090 | |a TFG 4862 | ||
| 100 | |a Rojas Barboza, Andrés |9 3494 | ||
| 245 | |a Modelado, simulación y control de una planta de tanques cuádruples | ||
| 260 | |c 2004 |a [San José, Costa Rica] | ||
| 300 | |a vii, 93, 12 hojas : ilustraciones | ||
| 500 | |a Proyecto de graduación (bachillerato en ingeniería eléctrica)--Universidad de Costa Rica. Facultad de Ingeniería. Escuela de Ingeniería Eléctrica. Departamento de Automática, | ||
| 650 | |x CONTROL AUTOMATICO |x SERVOMECANISMOS |x SIMULACION POR COMPUTADORAS DIGITALES |9 6529 | ||
| 700 | |9 6528 |a Víquez Brenes, Luis Ricardo | ||
| 942 | |c TFG | ||
| 999 | |c 17571 |d 17571 | ||
